| 000 | 00739nam a2200217 a 4500 | ||
|---|---|---|---|
| 999 |
_c5439 _d5439 |
||
| 001 | 5439 | ||
| 003 | BD-JhCC | ||
| 005 | 20220623134023.0 | ||
| 008 | 171214s20132015bg a|||| || | 000 0 ben d | ||
| 035 | _a(BD-JhCC)5439 | ||
| 040 |
_aBD-JhCC _dBD-JhCC |
||
| 041 | _aeng | ||
| 082 |
_a570 _bHAS 2015 |
||
| 100 | _aহাসান, মোহাম্মদ আবুল | ||
| 245 |
_aজীববিজ্ঞান প্রথম পত্র একাদশ-দ্বাদশ শ্রেণি / _cমোহাম্মদ আবুল হাসান, |
||
| 260 |
_aঢাকা : _bহাসান বুক হাউস, _c2015 |
||
| 300 |
_axxiii, 300 p. : _c24 cm. |
||
| 650 | _aBiology | ||
| 942 |
_2ddc _cBK _019 |
||